Biggest Cities in Kyrgyzstan - Statistics

General Stats
  • This quiz has been taken 14 times
  • The average score is 5 of 15
Answer Stats
Population City % Correct
1,145,044 Bishkek
100%
361,273 Osh
92%
129,378 Jalal-Abad
54%
81,952 Karakol
54%
27,460 Kara-Kol
54%
41,988 Naryn
46%
28,964 Batken
31%
52,692 Balykchy
15%
52,933 Kara-Balta
8%
59,152 Bazar-Korgon
0%
27,243 Kara-Suu
0%
26,789 Kerben
0%
61,144 Kyzyl-Kiya
0%
26,454 Mayluu-Suu
0%
34,597 Razzakov
0%
No matching quizzes found
Score Distribution
Percent of People with Each Score
Percentile by Number Answered
Your Score History
You have not taken this quiz